000 00899cam a2200325 4500
008 090401t1998 xxu||||| |||| 00| 0 eng d
020 _a0117534676
035 _a(Sirsi) u85780
041 _aeng
050 _a306.0212
110 _aUnited Kingdom
_bDepartment of the Environment, Transport and the Regions
_93507
245 _aHousing and construction statistics 1986-1996: Great Britain.
260 _aLondon
_bStationery Office
_c1998
300 _avii,216p. ; 30cm.
350 _a30
650 _aBUILDING INDUSTRY
650 _aCONSTRUCTION INDUSTRY
650 _aCONSTRUCTION OUTPUT
650 _aHOUSE BUILDING
650 _aHOUSING FINANCE
650 _aHOUSING RENOVATION
650 _aHOUSING STOCK
650 _aHOUSING
650 _aINVESTMENT
650 _aSLUM CLEARANCE
650 _aSTATISTICS
690 _aHOUSING
942 _n0
948 _c23/04/1998
999 _c97076
_d97076